01172nab a22002057a 4500003000400000005001700004008004100021040000700062100002200069245011400091260007300205300001200278500004500290505031300335505008900648650002300737650003800760650002800798773014000826OSt20251112131220.0190604e xxu||||| |||| 00| 0 spa d cPJ aLosada, Francisco10aLos decretos 830 y 833. La nueva regulación de los servicios de transporte automotor / cFrancisco Losada. aCiudad Autónoma de Buenos Aires :bThomson Reuters La Ley, c2025. ap. 5-21 aCita Online: TR LALEY AR/DOC/1121/2025.  tSumario: I. Introducción.— II. Qué son los servicios públicos.— III. De sus formas de prestación.— IV. Las nuevas modalidades introducidas por los decs. 830/2024 y 883/2024 en los servicios de transporte automotor de pasajeros.— V. El Registro Nacional de Transporte Automotor de Pasajeros.  t¿Te interesa el texto completo? Solicitalo al correo: koha@justierradelfuego.gov.ar 0aSERVICIO PÚBLICO 0aCONCESIÓN DE SERVICIO PÚBLICO 0aTRANSPORTE DE PASAJEROS0 02714dCiudad Autónoma de Buenos Aires : Thomson Reuters La Ley, 2014-tRevista anales de legislación argentina. Nº 6 - Junio 2025.